[Event "BL 9293 Empor Berlin-Bochum"]
[Site "?"]
[Date "1993.??.??"]
[Round "?.8"]
[White "Meissner, HJ."]
[Black "Sonntag, HH."]
[Result "0-1"]
[WhiteElo "2280"]
[BlackElo "2415"]
[PlyCount "190"]
[EventDate "1993.??.??"]

1. e4 e5 2. Nf3 Nc6 3. Bb5 a6 4. Ba4 Nf6 5. O-O Be7 6. Re1 b5 7. Bb3 d6 8. c3
O-O 9. h3 Bb7 10. d4 Re8 11. Nbd2 Bf8 12. a3 h6 13. Bc2 Nb8 14. b4 Nbd7 15. Bb2
g6 16. a4 c6 17. Rb1 Qc7 18. Bd3 Nb6 19. a5 Nbd7 20. Ba1 Rad8 21. Qc2 Qb8 22.
Qa2 Bg7 23. Bc2 d5 24. Bb3 exd4 25. cxd4 Nf8 26. e5 N6d7 27. Bc2 Ne6 28. g3
Ndf8 29. Nh4 Qa7 30. Nb3 Bc8 31. f4 f5 32. Rf1 Qf7 33. Kh2 Nh7 34. Rbe1 Bf8 35.
Bc3 Be7 36. Ng2 Rf8 37. Bb1 g5 38. Qe2 gxf4 39. gxf4 Kh8 40. Ne3 Ng7 41. Rg1
Rg8 42. Ref1 Nh5 43. Qf3 Bh4 44. Be1 Be7 45. Bc2 Rxg1 46. Rxg1 Nf8 47. Bd1 Ng7
48. Be2 Nfe6 49. Nd1 Bd7 50. Nb2 Be8 51. Nd3 Qf8 52. Qe3 Kh7 53. Qc1 Rc8 54.
Qd2 Bh5 55. Bxh5 Nxh5 56. Qc1 Qf7 57. Rg2 Nhg7 58. Qd1 Qh5 59. Qxh5 Nxh5 60.
Bd2 Ra8 61. Be3 Rg8 62. Nbc5 Nxc5 63. bxc5 Bd8 64. Rxg8 Kxg8 65. Nb4 Bxa5 66.
Nxc6 Be1 67. Ne7+ Kf8 68. Nxd5 b4 69. c6 Ke8 70. c7 Kd7 71. e6+ Kc8 72. e7 Ng7
73. Kg2 b3 74. Bc1 Ne8 75. Kf1 Ba5 76. Ke2 Bxc7 77. Nxc7 Nxc7 78. Kd3 Kd7 79.
Kc4 Kxe7 80. Kxb3 Kd6 81. Kc4 Kc6 82. Bd2 Nd5 83. h4 h5 84. Bc1 a5 85. Bd2 Nb6+
86. Kd3 a4 87. Bc1 Nd5 88. Kc4 Nb6+ 89. Kb4 Kd5 90. Kb5 Nc4 91. Kxa4 Kxd4 92.
Kb5 Ne3 93. Kc6 Ng2 94. Kd6 Nxh4 95. Ke6 Ke4 0-1

[Event "BL 9293 Kirchheim-HSK"]
[Site "?"]
[Date "1993.??.??"]
[Round "?.1"]
[White "Wahls, M."]
[Black "Haba, P."]
[Result "1/2-1/2"]
[WhiteElo "2525"]
[BlackElo "2485"]
[PlyCount "49"]
[EventDate "1993.??.??"]

1. e4 e5 2. Nf3 Nf6 3. Nxe5 d6 4. Nf3 Nxe4 5. d4 d5 6. Bd3 Bd6 7. O-O O-O 8. c4
c6 9. Nc3 Nxc3 10. bxc3 Bg4 11. cxd5 cxd5 12. Rb1 Nd7 13. h3 Bh5 14. Rb5 Nb6
15. c4 Bxf3 16. Qxf3 dxc4 17. Bc2 Qd7 18. a4 Rab8 19. Bg5 Nc8 20. Qh5 f5 21.
Qe2 Nb6 22. Rfb1 Rbe8 23. Qf1 Qc6 24. Bd1 Re4 25. Bc2 1/2-1/2

[Event "BL 9293 Kirchheim-HSK"]
[Site "?"]
[Date "1993.??.??"]
[Round "?.2"]
[White "Gschnitzer, O."]
[Black "Ftacnik, L."]
[Result "0-1"]
[WhiteElo "2475"]
[BlackElo "2535"]
[PlyCount "64"]
[EventDate "1993.??.??"]

1. c4 Nf6 2. Nf3 c5 3. Nc3 e6 4. g3 b6 5. Bg2 Bb7 6. O-O Be7 7. d4 cxd4 8. Qxd4
d6 9. Bg5 a6 10. Bxf6 Bxf6 11. Qd3 Ra7 12. Rad1 Be7 13. Nd4 Bxg2 14. Kxg2 Qc8
15. f4 Nd7 16. b3 g6 17. e4 Rc7 18. Nce2 Qb7 19. Nc3 O-O 20. Kg1 Nf6 21. f5 Qc8
22. Rc1 Rd8 23. Nde2 Rc5 24. a4 Re5 25. Nd4 Qb7 26. fxe6 fxe6 27. Nf3 Rh5 28.
Nd4 Qc8 29. Rc2 Ng4 30. Qd1 Ne3 31. Qf3 Nxf1 32. Qxf1 Qc5 0-1

[Event "BL 9293 Kirchheim-HSK"]
[Site "?"]
[Date "1993.??.??"]
[Round "?.3"]
[White "Brunner, L."]
[Black "Vokac, M."]
[Result "0-1"]
[WhiteElo "2455"]
[BlackElo "2435"]
[PlyCount "106"]
[EventDate "1993.??.??"]

1. e4 g6 2. d4 d6 3. Nf3 Bg7 4. Be2 Nf6 5. Nc3 O-O 6. O-O c6 7. a4 a5 8. Bf4
Na6 9. e5 dxe5 10. Bxe5 Nb4 11. h3 Qb6 12. Nd2 Be6 13. Nc4 Qa7 14. Qc1 Rac8 15.
Rd1 Rfd8 16. Ne3 Bh6 17. Bf1 Nd7 18. Bg3 Nf8 19. Ne2 c5 20. c3 Bb3 21. Rd2 Ne6
22. cxb4 cxd4 23. Ng4 Rxc1 24. Nxh6+ Kg7 25. Nxc1 Bd5 26. Ng4 f6 27. Nd3 h5 28.
Nh2 Ng5 29. f3 e5 30. bxa5 Qxa5 31. b4 Qa7 32. Rc2 Nf7 33. Rc7 Qb8 34. Rac1 Bc6
35. R1xc6 bxc6 36. Rxc6 Rc8 37. Rxc8 Qxc8 38. a5 Qb7 39. Be2 Nd8 40. Be1 Ne6
41. Nf1 Qd5 42. Nd2 f5 43. Nf2 Nf4 44. Bc4 Qd6 45. a6 d3 46. a7 Ne2+ 47. Kh1 e4
48. Nfxe4 Qd4 49. Nf2 Qxa7 50. Bxd3 Qe3 51. Nde4 Qc1 52. Kh2 Qxe1 53. Ng3 Qg1#
0-1

[Event "BL 9293 Kirchheim-HSK"]
[Site "?"]
[Date "1993.??.??"]
[Round "?.5"]
[White "Michaelsen, N."]
[Black "Mueller, O."]
[Result "1-0"]
[WhiteElo "2415"]
[BlackElo "2345"]
[PlyCount "75"]
[EventDate "1993.??.??"]

1. d4 Nf6 2. c4 e6 3. Nc3 Bb4 4. Qc2 O-O 5. Bg5 d6 6. e3 b6 7. Bd3 h6 8. Bh4
Bb7 9. Nge2 Nbd7 10. O-O d5 11. cxd5 exd5 12. Qa4 Be7 13. Ba6 Bxa6 14. Qxa6 c6
15. Rac1 Re8 16. Rc2 Qc8 17. Qxc8 Raxc8 18. Rfc1 c5 19. dxc5 Rxc5 20. Rd1 b5
21. Rcd2 g5 22. Bg3 Nb6 23. Rd4 a5 24. a3 Bf8 25. h4 Kg7 26. hxg5 hxg5 27. Bh2
Kg6 28. g4 Nc4 29. b4 Rc6 30. Nxd5 Nxd5 31. Rxd5 Nxa3 32. bxa5 b4 33. Nd4 Rc5
34. Rxc5 Bxc5 35. Nb3 Bf8 36. Rd5 Re4 37. a6 Rxg4+ 38. Kf1 1-0

[Event "BL 9293 Kirchheim-HSK"]
[Site "?"]
[Date "1993.??.??"]
[Round "?.7"]
[White "Heinemann, T."]
[Black "Burkart, P."]
[Result "0-1"]
[WhiteElo "2390"]
[BlackElo "2285"]
[PlyCount "60"]
[EventDate "1993.??.??"]

1. e4 Nf6 2. e5 Nd5 3. Nc3 Nxc3 4. bxc3 d6 5. f4 c5 6. d4 g6 7. Nf3 Bg7 8. Bd3
O-O 9. O-O dxe5 10. fxe5 Nc6 11. Be3 Bg4 12. Be2 Qa5 13. Rb1 Qxc3 14. Rb3 Qa5
15. Rb5 Qa3 16. Bc1 Qxa2 17. Rxc5 Rad8 18. d5 Bxf3 19. Rxf3 Qa1 20. c3 Nxe5 21.
Rf1 Rc8 22. Rb5 b6 23. Bb2 Qxd1 24. Rxd1 Nc4 25. Bxc4 Rxc4 26. Re1 Bf6 27. Ba3
Re8 28. d6 e6 29. Rd1 Rd8 30. Rb3 Kf8 0-1

[Event "BL 9293 Sindelfingen-Delmenhorst"]
[Site "?"]
[Date "1993.??.??"]
[Round "?.1"]
[White "Luther, T."]
[Black "Hausner, I."]
[Result "1/2-1/2"]
[WhiteElo "2465"]
[BlackElo "2480"]
[PlyCount "122"]
[EventDate "1993.??.??"]

1. g3 d5 2. Bg2 Nf6 3. Nf3 c6 4. O-O Bg4 5. d3 Nbd7 6. Nbd2 e5 7. e4 Bd6 8. h3
Bh5 9. g4 Bg6 10. Nh4 O-O 11. Nxg6 hxg6 12. Re1 Re8 13. Nf1 dxe4 14. dxe4 Qc7
15. Ng3 Rad8 16. g5 Nh7 17. h4 Ndf8 18. Qg4 Ne6 19. c3 Bc5 20. Nf1 Nf4 21. Bxf4
exf4 22. Qe2 Nf8 23. Rad1 Nd7 24. Nh2 Ne5 25. Nf3 Ng4 26. Nd4 f3 27. Qxf3 Qh2+
28. Kf1 Qxh4 29. Qg3 Qxg3 30. fxg3 Be7 31. Bf3 Ne5 32. Be2 Bxg5 33. Nf3 Nxf3
34. Bxf3 Kf8 35. Rxd8 Rxd8 36. Rd1 Rxd1+ 37. Bxd1 Bc1 38. b3 Bb2 39. c4 Ke7 40.
Bg4 Kd6 41. Bc8 Kc7 42. Bg4 Be5 43. Kf2 g5 44. Bh5 g6 45. Bg4 c5 46. Kf3 b6 47.
Bh3 Kb7 48. Bd7 Ka6 49. Be8 Ka5 50. a3 f6 51. Bxg6 Bb2 52. Ke2 Bxa3 53. Kd3 Bb2
54. g4 Kb4 55. Kc2 Be5 56. Be8 a6 57. Bd7 b5 58. cxb5 axb5 59. Be6 c4 60. bxc4
bxc4 61. Bf5 Kc5 1/2-1/2

[Event "BL 9293 Sindelfingen-Delmenhorst"]
[Site "?"]
[Date "1993.??.??"]
[Round "?.3"]
[White "Hermann, Man"]
[Black "Gabriel, C."]
[Result "0-1"]
[WhiteElo "2400"]
[BlackElo "2500"]
[PlyCount "58"]
[EventDate "1993.??.??"]

1. e4 e5 2. Nf3 Nc6 3. d4 exd4 4. Nxd4 Nf6 5. Nxc6 bxc6 6. Bd3 d5 7. exd5 cxd5
8. O-O Be7 9. Nc3 O-O 10. Bg5 Be6 11. Ne2 h6 12. Bc1 c5 13. c3 Rb8 14. Rb1 Qd7
15. Re1 Bd6 16. Bf4 Ng4 17. Bc2 Ne5 18. Bxe5 Bxe5 19. Qd3 g6 20. Qe3 Bg7 21.
Qxc5 d4 22. Bb3 Bxb3 23. axb3 Rfc8 24. Qa3 dxc3 25. bxc3 Bxc3 26. Nxc3 Rxc3 27.
h3 Rd3 28. Re7 Rbxb3 29. Rxd7 Rxb1+ 0-1

[Event "BL 9293 Sindelfingen-Delmenhorst"]
[Site "?"]
[Date "1993.??.??"]
[Round "?.5"]
[White "Breutigam, M."]
[Black "Mohr, S."]
[Result "1/2-1/2"]
[WhiteElo "2320"]
[BlackElo "2440"]
[PlyCount "68"]
[EventDate "1993.??.??"]

1. d4 d6 2. e4 g6 3. c4 e5 4. dxe5 dxe5 5. Qxd8+ Kxd8 6. Nc3 Bh6 7. Bxh6 Nxh6
8. Rd1+ Nd7 9. h4 c6 10. g3 Ke7 11. Bh3 Nc5 12. Bxc8 Rhxc8 13. Nf3 f6 14. Ke2
Nf7 15. b4 Ne6 16. Rd2 Rd8 17. Rxd8 Kxd8 18. c5 a5 19. a3 axb4 20. axb4 Ra3 21.
Kd3 Kc7 22. Kc4 b5+ 23. cxb6+ Kxb6 24. Rd1 Kc7 25. b5 Nd6+ 26. Kb4 Ra8 27. b6+
Kd7 28. Na4 Ke7 29. Rc1 Kd7 30. Nd2 Rb8 31. Nc5+ Nxc5 32. Kxc5 Nb7+ 33. Kb4 Nd6
34. Kc5 Nb7+ 1/2-1/2

[Event "BL 9293 Sindelfingen-Delmenhorst"]
[Site "?"]
[Date "1993.??.??"]
[Round "?.6"]
[White "Kraut, R."]
[Black "Meyer, Ho"]
[Result "1/2-1/2"]
[WhiteElo "2425"]
[BlackElo "2330"]
[PlyCount "71"]
[EventDate "1993.??.??"]

1. e4 e6 2. d4 d5 3. Nc3 Bb4 4. e5 c5 5. a3 Bxc3+ 6. bxc3 Ne7 7. a4 Qa5 8. Qd2
Nec6 9. Nf3 Nd7 10. Bd3 f6 11. O-O cxd4 12. exf6 Nxf6 13. Qg5 O-O 14. cxd4 Qc7
15. Ba3 Ne4 16. Qe3 Rf6 17. Bxe4 dxe4 18. Ng5 Rg6 19. h4 Bd7 20. Qxe4 Nd8 21.
Nxh7 Rh6 22. Ng5 Bc6 23. Qg4 Bd5 24. Rac1 Qc3 25. Bd6 Nf7 26. Nxf7 Kxf7 27. h5
Rah8 28. Be5 R8h7 29. Qf4+ Ke8 30. Bd6 g5 31. Qf8+ Kd7 32. Bb4 Qxd4 33. Qd6+
Kc8 34. Qf8+ Kd7 35. Qd6+ Kc8 36. Qf8+ 1/2-1/2

[Event "BL 9293 Sindelfingen-Delmenhorst"]
[Site "?"]
[Date "1993.??.??"]
[Round "?.7"]
[White "Wesseln, K."]
[Black "Franke, H."]
[Result "0-1"]
[WhiteElo "2340"]
[BlackElo "2365"]
[PlyCount "116"]
[EventDate "1993.??.??"]

1. g3 d5 2. f4 Nf6 3. Nf3 g6 4. Bg2 Bg7 5. O-O O-O 6. d3 c6 7. c3 Nbd7 8. Kh1
Re8 9. Ne5 Nxe5 10. fxe5 Ng4 11. d4 f6 12. exf6 exf6 13. h3 Ne3 14. Bxe3 Rxe3
15. Rf3 Qe7 16. Rxe3 Qxe3 17. Kh2 Bf5 18. Qd2 Re8 19. Qxe3 Rxe3 20. Bf1 Bh6 21.
Nd2 Re7 22. Nf3 Be3 23. Ne1 h5 24. Rd1 Kg7 25. Nd3 Bg5 26. Kg2 a5 27. Kf2 Be3+
28. Kg2 b6 29. Kh2 Bh6 30. Kg2 Kf7 31. Kf2 Be3+ 32. Kg2 Ke8 33. Kf3 Bh6 34. Kf2
Be4 35. e3 Kf7 36. Re1 g5 37. Nc1 Bf8 38. Bd3 f5 39. Bxe4 fxe4 40. g4 hxg4 41.
hxg4 Kg6 42. Kg2 Rh7 43. Rh1 Rh4 44. Rxh4 gxh4 45. Kh3 Bh6 46. Kxh4 Bxe3 47.
Ne2 Bf2+ 48. Kh3 Kg5 49. a4 b5 50. axb5 cxb5 51. Nc1 Be3 52. Ne2 a4 53. Kg3 Bd2
54. Kh3 Bf4 55. c4 bxc4 56. Nc3 Bc1 57. Nxa4 Bxb2 58. Nb6 c3 0-1

[Event "BL 9293 HSK-Sindelfingen"]
[Site "?"]
[Date "1993.??.??"]
[Round "?.1"]
[White "Luther, T."]
[Black "Wahls, M."]
[Result "1/2-1/2"]
[WhiteElo "2465"]
[BlackElo "2525"]
[PlyCount "56"]
[EventDate "1993.??.??"]

1. e4 d5 2. exd5 Qxd5 3. Nc3 Qa5 4. Nf3 c6 5. Be2 Bf5 6. b4 Qc7 7. O-O e6 8. b5
Nf6 9. Rb1 Be7 10. Nh4 Bg6 11. Bf3 O-O 12. Nxg6 hxg6 13. Qe2 Rc8 14. Rb3 Ne8
15. d4 Nf6 16. Be3 Nbd7 17. bxc6 bxc6 18. Rfb1 Rab8 19. g3 Nb6 20. Ne4 Nxe4 21.
Bxe4 c5 22. dxc5 Bxc5 23. Bxc5 Qxc5 24. Bxg6 Rc7 25. Bd3 Rbc8 26. Rb5 Qc3 27.
Qh5 Nd5 28. Qh6 Kf8 1/2-1/2

[Event "BL 9293 HSK-Sindelfingen"]
[Site "?"]
[Date "1993.??.??"]
[Round "?.3"]
[White "Gabriel, C."]
[Black "Brunner, L."]
[Result "1/2-1/2"]
[WhiteElo "2500"]
[BlackElo "2455"]
[PlyCount "43"]
[EventDate "1993.??.??"]

1. d4 Nf6 2. c4 g6 3. Nc3 Bg7 4. e4 d6 5. Nf3 O-O 6. Be2 e5 7. O-O Nc6 8. d5
Ne7 9. b4 a5 10. bxa5 Rxa5 11. a4 Nd7 12. Nd2 f5 13. Ba3 Ra8 14. Bb4 Bh6 15.
exf5 gxf5 16. Nb3 Nf6 17. c5 Kh8 18. cxd6 cxd6 19. Nb5 Ra6 20. Nc3 Ra8 21. Nb5
Ra6 22. Nc3 1/2-1/2

[Event "BL 9293 HSK-Sindelfingen"]
[Site "?"]
[Date "1993.??.??"]
[Round "?.4"]
[White "Maus, So"]
[Black "Fahnenschmidt, G."]
[Result "0-1"]
[WhiteElo "2420"]
[BlackElo "2365"]
[PlyCount "90"]
[EventDate "1993.??.??"]

1. e4 c6 2. d4 d5 3. e5 Bf5 4. Nc3 e6 5. g4 Bg6 6. Nge2 f6 7. Nf4 Bf7 8. Qe2
fxe5 9. dxe5 Nd7 10. Nd3 Nc5 11. Bd2 Nxd3+ 12. cxd3 Bc5 13. O-O-O Ne7 14. Bg2
Qd7 15. Kb1 Bd4 16. Rc1 c5 17. f4 O-O 18. h4 b5 19. h5 a5 20. Qe1 c4 21. Ne2
Bb6 22. Ng3 Nc6 23. Bh3 Nb4 24. Bf1 Qa7 25. Rh2 Rac8 26. Rg2 Nxd3 27. Bxd3 cxd3
28. Qf1 Be3 29. Qxd3 Bxd2 30. Qxd2 Rc4 31. b3 Rxc1+ 32. Qxc1 a4 33. Qg1 Qa5 34.
Re2 axb3 35. axb3 Qb4 36. Qe3 Be8 37. Rf2 d4 38. Qf3 Bc6 39. Qd1 Bd5 40. Rd2
Rxf4 41. Ne2 Bxb3 42. Qc1 Rf1 43. Qxf1 Qxd2 44. Nc1 Bc2+ 45. Kb2 Bd3+ 0-1

[Event "BL 9293 HSK-Sindelfingen"]
[Site "?"]
[Date "1993.??.??"]
[Round "?.6"]
[White "Reefschlaeger, H."]
[Black "Kraut, R."]
[Result "1/2-1/2"]
[WhiteElo "2395"]
[BlackElo "2425"]
[PlyCount "40"]
[EventDate "1993.??.??"]

1. e4 c5 2. f4 Nf6 3. d3 Nc6 4. Nf3 d5 5. e5 Ng8 6. Be2 Bg4 7. O-O e6 8. c3 h5
9. a3 Nh6 10. Be3 Nf5 11. Bf2 g6 12. Ng5 Nxe5 13. Nxe6 fxe6 14. fxe5 Qg5 15.
Nd2 O-O-O 16. Nf3 Bxf3 17. Bxf3 Kb8 18. Qa4 Rh7 19. Rae1 Rc8 20. c4 Nh4 1/2-1/2

[Event "BL 9293 HSK-Sindelfingen"]
[Site "?"]
[Date "1993.??.??"]
[Round "?.7"]
[White "Franke, H."]
[Black "Wegner, H."]
[Result "0-1"]
[WhiteElo "2365"]
[BlackElo "2370"]
[PlyCount "58"]
[EventDate "1993.??.??"]

1. d4 Nf6 2. Nf3 g6 3. c4 Bg7 4. Nc3 d5 5. e3 O-O 6. Be2 c5 7. O-O cxd4 8. exd4
Nc6 9. Be3 Bg4 10. c5 Ne4 11. Rc1 Nxc3 12. Rxc3 Bxf3 13. Bxf3 e5 14. Rb3 e4 15.
Be2 Qd7 16. Qd2 f5 17. Bb5 Rf7 18. Rd1 Kh8 19. Bh6 Bxh6 20. Qxh6 f4 21. Qh3 Qe7
22. Qc3 f3 23. g3 h5 24. h4 g5 25. hxg5 Qxg5 26. Bxc6 bxc6 27. Qe3 Qxe3 28.
Rxe3 Rb8 29. b3 h4 0-1

[Event "BL 9293 HSK-Sindelfingen"]
[Site "?"]
[Date "1993.??.??"]
[Round "?.8"]
[White "Heinemann, T."]
[Black "Gerstner, W."]
[Result "1/2-1/2"]
[WhiteElo "2390"]
[BlackElo "2365"]
[PlyCount "141"]
[EventDate "1993.??.??"]

1. e4 c5 2. Nf3 e6 3. d4 cxd4 4. Nxd4 a6 5. Bd3 Qc7 6. O-O Nf6 7. Qe2 d6 8. c4
Be7 9. Nc3 O-O 10. Be3 Nc6 11. Rac1 Nxd4 12. Bxd4 Nd7 13. b3 Bf6 14. Bxf6 Nxf6
15. Qe3 Rd8 16. Rfd1 Bd7 17. Be2 Be8 18. Rd4 Rac8 19. Rcd1 Bc6 20. Qd2 e5 21.
Rxd6 Rxd6 22. Qxd6 Qxd6 23. Rxd6 Nxe4 24. Rxc6 Rxc6 25. Nxe4 f5 26. Nc3 b5 27.
cxb5 Rxc3 28. bxa6 Rc2 29. Bc4+ Kf8 30. a4 Rc1+ 31. Bf1 Ke7 32. b4 Kd8 33. a7
Rc8 34. b5 Kc7 35. a5 Kb7 36. b6 Rc5 37. a6+ Ka8 38. g4 e4 39. gxf5 Rc6 40. Bg2
Rxb6 41. Bxe4+ Kxa7 42. Bb7 Rf6 43. Kg2 Rxf5 44. h4 Ra5 45. Kg3 Kb6 46. Kg4 Kc7
47. f3 Kd6 48. Kf4 Ra4+ 49. Kg5 Ke7 50. Kf5 Ra5+ 51. Kf4 Kf6 52. Be4 g6 53. Bb7
Ra4+ 54. Kg3 Ke5 55. Bc8 Ra3 56. Bb7 Ra1 57. Kg4 h6 58. Kg3 h5 59. Bc8 Ra4 60.
Bb7 Kf6 61. Bc8 g5 62. hxg5+ Kxg5 63. Bb7 h4+ 64. Kh3 Ra3 65. Kg2 Kf4 66. Kh2
Ra5 67. Kg2 Kg5 68. Kh3 Ra3 69. Kg2 Ra2+ 70. Kh3 Kf4 71. Bc8 1/2-1/2

[Event "BL 9293 Delmenhorst-Kirchheim"]
[Site "?"]
[Date "1993.??.??"]
[Round "?.1"]
[White "Haba, P."]
[Black "Hausner, I."]
[Result "1-0"]
[WhiteElo "2485"]
[BlackElo "2480"]
[PlyCount "91"]
[EventDate "1993.??.??"]

1. e4 c5 2. Nf3 d6 3. d4 cxd4 4. Nxd4 Nf6 5. Nc3 Nc6 6. Bg5 Bd7 7. Qd2 a6 8.
O-O-O e6 9. f4 b5 10. Bxf6 gxf6 11. Nxc6 Bxc6 12. Qe1 Qe7 13. Bd3 h5 14. Kb1 h4
15. Rf1 Bb7 16. f5 O-O-O 17. Qf2 Kb8 18. Bxb5 d5 19. Bd3 Qc7 20. fxe6 fxe6 21.
exd5 exd5 22. Ne2 Bd6 23. Nd4 Be5 24. Ne6 Qd6 25. Nxd8 Qxd8 26. c3 Qd6 27. Bc2
Rg8 28. Bb3 Rg6 29. Qxh4 Rxg2 30. Rf2 Rxh2 31. Rxh2 Bxh2 32. Qh7 Qe5 33. Qg8+
Bc8 34. Qxd5 Qxd5 35. Bxd5 f5 36. Bf3 Kc7 37. b4 Be5 38. Kc2 Bd7 39. Kb3 f4 40.
a4 Be6+ 41. c4 Bf6 42. a5 Bh4 43. Rh1 Bf2 44. Rh6 Bc8 45. b5 axb5 46. cxb5 1-0

[Event "BL 9293 Delmenhorst-Kirchheim"]
[Site "?"]
[Date "1993.??.??"]
[Round "?.2"]
[White "Pekarek, A."]
[Black "Gschnitzer, O."]
[Result "1/2-1/2"]
[WhiteElo "2440"]
[BlackElo "2475"]
[PlyCount "112"]
[EventDate "1993.??.??"]

1. g3 c5 2. Bg2 Nc6 3. Nf3 e5 4. O-O g6 5. e4 Bg7 6. d3 Nge7 7. Nc3 O-O 8. Be3
d6 9. Qd2 f5 10. Bh6 Be6 11. Bxg7 Kxg7 12. Ng5 Bg8 13. exf5 Nxf5 14. Kh1 Nfd4
15. f4 exf4 16. gxf4 Qd7 17. Rae1 Rae8 18. Nce4 h6 19. Nf3 b6 20. Nxd4 Nxd4 21.
b4 d5 22. Ng3 Rxe1 23. Rxe1 Qd6 24. bxc5 bxc5 25. c3 Nf5 26. d4 cxd4 27. cxd4
Nh4 28. Rf1 Be6 29. Qe3 Rb8 30. Re1 Bg4 31. Rf1 Be6 32. Re1 Bg4 33. Rf1 Rb2 34.
Rf2 Rb4 35. h3 Bd7 36. Kh2 Qf6 37. f5 Nxf5 38. Nxf5+ Bxf5 39. Qg3 Kh7 40. Re2
Rb7 41. Bxd5 Rd7 42. Re5 Qd6 43. Qf4 Kg7 44. h4 Qc7 45. Bb3 Qb6 46. Re8 Qc7 47.
Qe5+ Qxe5+ 48. dxe5 Rd4 49. Re7+ Kf8 50. Rxa7 Rxh4+ 51. Kg3 Re4 52. Ra5 h5 53.
Kf3 h4 54. Bc2 Re1 55. Bxf5 gxf5 56. Ra4 h3 1/2-1/2

[Event "BL 9293 Delmenhorst-Kirchheim"]
[Site "?"]
[Date "1993.??.??"]
[Round "?.4"]
[White "Borik, O."]
[Black "Beckhuis, G."]
[Result "0-1"]
[WhiteElo "2390"]
[BlackElo "2195"]
[PlyCount "128"]
[EventDate "1993.??.??"]

1. d4 Nf6 2. c4 g6 3. Nc3 Bg7 4. e4 d6 5. Nf3 O-O 6. h3 Na6 7. Bg5 e5 8. d5 h6
9. Be3 Nc5 10. Nd2 a5 11. a3 Nfd7 12. g4 a4 13. Qc2 Kh7 14. h4 Nf6 15. f3 Bd7
16. Be2 c6 17. O-O-O Qa5 18. Kb1 Rfb8 19. Nf1 Nb3 20. h5 g5 21. dxc6 bxc6 22.
Rxd6 Kg8 23. Na2 Nd4 24. Rxd4 exd4 25. Bxd4 Ne8 26. Bxg7 Nxg7 27. Qc3 Ne6 28.
Qxa5 Rxa5 29. Nb4 Ra7 30. Bd1 Nd4 31. Rh2 Be6 32. Ne3 Kf8 33. Rd2 c5 34. Nbd5
Rab7 35. Nc3 Nb3 36. Rf2 Na5 37. Ncd5 Nb3 38. Nf5 Bxf5 39. gxf5 Re8 40. Re2 Nd4
41. Rd2 Nb3 42. Rg2 Kg7 43. f6+ Kh8 44. Bc2 Nd4 45. Bd1 Re6 46. Ka2 Rb3 47. Nc3
Rxf6 48. Rd2 Rb8 49. Nxa4 Nxf3 50. Rf2 g4 51. Nxc5 Rd8 52. Be2 Rd2 53. Bxf3
Rxf2 54. Bxg4 Rc6 55. Nd3 Rg2 56. Ne5 Rb6 57. a4 Kg7 58. Ka3 Rbxb2 59. Bd7 Kf6
60. Nc6 Rb7 61. e5+ Kg5 62. e6 Rg3+ 63. Ka2 fxe6 64. Bxe6 Rbb3 0-1

[Event "BL 9293 Delmenhorst-Kirchheim"]
[Site "?"]
[Date "1993.??.??"]
[Round "?.5"]
[White "Messmer, M."]
[Black "Schlemermeyer, W."]
[Result "0-1"]
[WhiteElo "2340"]
[BlackElo "2335"]
[PlyCount "76"]
[EventDate "1993.??.??"]

1. Nf3 g6 2. d4 d6 3. e4 Nf6 4. Nc3 Bg7 5. Be2 O-O 6. O-O Bg4 7. Be3 Nc6 8. d5
Bxf3 9. Bxf3 Ne5 10. Be2 c6 11. a4 a5 12. Ra3 Qc7 13. Bd4 Ned7 14. Re1 Nc5 15.
Bf1 Nfd7 16. Bxg7 Kxg7 17. Qd2 Qb6 18. Nd1 Nf6 19. dxc6 Ncxe4 20. Qe3 Qxc6 21.
f3 Nc5 22. Bb5 Qb6 23. Kh1 e6 24. Qf2 Rac8 25. Ne3 d5 26. Qh4 Qd6 27. Raa1 h6
28. Rad1 g5 29. Qf2 Qf4 30. Rd4 Qc7 31. c3 Nb3 32. Rdd1 Rfd8 33. h4 Qf4 34. g3
Ne4 35. Qg2 Nxg3+ 36. Kg1 d4 37. Ng4 dxc3 38. bxc3 Nd2 0-1

[Event "BL 9293 Delmenhorst-Kirchheim"]
[Site "?"]
[Date "1993.??.??"]
[Round "?.6"]
[White "Breutigam, M."]
[Black "Burkart, P."]
[Result "1/2-1/2"]
[WhiteElo "2320"]
[BlackElo "2285"]
[PlyCount "118"]
[EventDate "1993.??.??"]

1. d4 d6 2. Nf3 Bg4 3. e4 Nf6 4. Nc3 e6 5. h3 Bh5 6. Qe2 c6 7. g4 Bg6 8. h4 h6
9. h5 Bh7 10. g5 hxg5 11. Bxg5 Qa5 12. O-O-O d5 13. Bd2 dxe4 14. Ng5 Bb4 15.
Rg1 Bxc3 16. Bxc3 Qxa2 17. d5 Bf5 18. dxe6 fxe6 19. b3 Nbd7 20. Qc4 Qa3+ 21.
Bb2 Qe7 22. Be2 O-O-O 23. Qa4 Kb8 24. Bd4 Nb6 25. Qa5 Rd5 26. Qa1 e5 27. Be3
Rxd1+ 28. Bxd1 Nxh5 29. Qa5 Nf6 30. Bc5 Qc7 31. Bd6 Qxd6 32. Nf7 Qd4 33. Nxh8
Nfd5 34. Rxg7 a6 35. Nf7 Nc3 36. Qxe5+ Qxe5 37. Nxe5 Nbd5 38. Nc4 Nb5 39. Na5
Nbc7 40. Bg4 Bxg4 41. Rxg4 e3 42. f3 Ne6 43. Nc4 Kc7 44. Nxe3 Nxe3 45. Re4 Nxc2
46. Kxc2 Kd6 47. f4 c5 48. Kc3 Nd4 49. Re8 Ne6 50. f5 Ng7 51. Rf8 Ke7 52. Rb8
Nxf5 53. Rxb7+ Kd6 54. Rb6+ Kd5 55. Rxa6 Nd6 56. Ra2 Nb5+ 57. Kd3 Nd6 58. Rh2
c4+ 59. bxc4+ Nxc4 1/2-1/2

[Event "BL 9293 Delmenhorst-Kirchheim"]
[Site "?"]
[Date "1993.??.??"]
[Round "?.7"]
[White "Mudelsee, M."]
[Black "Meyer, Ho"]
[Result "0-1"]
[WhiteElo "2255"]
[BlackElo "2330"]
[PlyCount "66"]
[EventDate "1993.??.??"]

1. e4 e6 2. d4 d5 3. e5 c5 4. Nf3 Nc6 5. Bd3 f5 6. exf6 Nxf6 7. c3 Bd6 8. O-O
O-O 9. Re1 Qc7 10. dxc5 Bxc5 11. b4 Bd6 12. b5 Ne5 13. Nxe5 Bxe5 14. g3 Bd7 15.
Be3 Bd6 16. a4 e5 17. c4 d4 18. Bg5 Ng4 19. Re2 Bc5 20. Qc2 Kh8 21. Ra2 Rae8
22. a5 Re6 23. Be4 h6 24. Bc1 d3 25. Qxd3 Ref6 26. Be3 Bxe3 27. fxe3 Rf1+ 28.
Kg2 Be6 29. Na3 Qf7 30. Red2 Nxh2 31. Qe2 Bg4 32. Qf2 Qh5 33. Qxf1 Qh3+ 0-1

[Event "BL 9293 Dresden-Bayern"]
[Site "?"]
[Date "1993.??.??"]
[Round "?.4"]
[White "Kaminski, U."]
[Black "Bischoff, K."]
[Result "1/2-1/2"]
[WhiteElo "2400"]
[BlackElo "2505"]
[PlyCount "123"]
[EventDate "1993.??.??"]

1. e4 c5 2. Nf3 e6 3. Nc3 a6 4. d4 cxd4 5. Nxd4 Qc7 6. g3 Bb4 7. Bd2 Nf6 8. Bg2
Be7 9. Qe2 d6 10. O-O O-O 11. Rfe1 Bd7 12. Rad1 Nc6 13. Nxc6 Bxc6 14. Bf4 Nd7
15. Nd5 Bxd5 16. exd5 e5 17. Be3 Rac8 18. Rc1 f5 19. f4 Qa5 20. a3 b5 21. Bd2
Qb6+ 22. Be3 Qa5 23. Bd2 Qb6+ 24. Be3 Qb7 25. c4 bxc4 26. Rxc4 Rxc4 27. Qxc4
Rc8 28. Qe2 e4 29. Bf1 Nc5 30. Bxc5 Rxc5 31. b4 Rc3 32. Qxa6 Qxd5 33. Qa4 Kf7
34. Rd1 Qb7 35. Qa5 g6 36. b5 Rc5 37. Qb4 d5 38. Qb3 Kg7 39. a4 Bd8 40. Qb4 Bb6
41. Kh1 Qc7 42. Qd4+ Kh6 43. Qf6 Qd8 44. Qxd8 Bxd8 45. Rb1 d4 46. b6 d3 47. b7
Bc7 48. b8=Q Bxb8 49. Rxb8 Rc1 50. Kg2 d2 51. Be2 Re1 52. Kf2 d1=Q 53. Bxd1
Rxd1 54. g4 Ra1 55. h3 Ra3 56. Kg2 Rf3 57. gxf5 gxf5 58. a5 Ra3 59. Rb5 Kg6 60.
Rb6+ Kh5 61. a6 Ra2+ 62. Kg3 1/2-1/2

[Event "BL 9293 Dresden-Bayern"]
[Site "?"]
[Date "1993.??.??"]
[Round "?.5"]
[White "Kindermann, S."]
[Black "Borriss, M."]
[Result "1-0"]
[WhiteElo "2495"]
[BlackElo "2395"]
[PlyCount "53"]
[EventDate "1993.??.??"]

1. e4 c5 2. Nf3 e6 3. d4 cxd4 4. Nxd4 Nf6 5. Nc3 d6 6. g4 Nc6 7. g5 Nd7 8. Be3
Be7 9. h4 a6 10. Qd2 O-O 11. O-O-O Nxd4 12. Bxd4 b5 13. Kb1 Rb8 14. f4 b4 15.
Ne2 Bb7 16. Ng3 a5 17. Bd3 e5 18. Be3 exf4 19. Bxf4 Ne5 20. Qe3 Qc7 21. Nf5
Rfc8 22. h5 Bf8 23. Bxe5 dxe5 24. g6 fxg6 25. hxg6 h6 26. b3 Qc3 27. Qf2 1-0

[Event "BL 9293 Dresden-Bayern"]
[Site "?"]
[Date "1993.??.??"]
[Round "?.6"]
[White "Goldberg, A."]
[Black "Boensch, U."]
[Result "1-0"]
[WhiteElo "2365"]
[BlackElo "2490"]
[PlyCount "115"]
[EventDate "1993.??.??"]

1. e4 c5 2. Nf3 Nc6 3. d4 cxd4 4. Nxd4 e5 5. Nb5 d6 6. c4 Be7 7. N1c3 a6 8. Na3
Be6 9. Be2 Nd4 10. Be3 Nxe2 11. Qxe2 Nf6 12. O-O O-O 13. Rfd1 Ng4 14. Nc2 f5
15. exf5 Bxf5 16. Nd5 Bg5 17. Bxg5 Qxg5 18. Nce3 Kh8 19. Nxf5 Rxf5 20. f3 Nh6
21. Nc3 Qg6 22. Ne4 Nf7 23. Rd5 Re8 24. Rad1 Re6 25. Qd3 h6 26. Nxd6 Nxd6 27.
Rxd6 Rxd6 28. Qxd6 Rf6 29. Qd8+ Kh7 30. Qd3 Rc6 31. b3 b5 32. cxb5 axb5 33.
Qxg6+ Kxg6 34. Rd5 Rc1+ 35. Kf2 Rc2+ 36. Kg3 Rxa2 37. Rxe5 b4 38. Rb5 Kf6 39.
Rxb4 g5 40. Rb6+ Kg7 41. b4 Rb2 42. b5 Rb4 43. Rb7+ Kg6 44. b6 Rb2 45. Rb8 Kg7
46. b7 Rb4 47. Kf2 g4 48. Kg3 gxf3 49. gxf3 Rb3 50. Kf2 Rb4 51. Ke3 Rb3+ 52.
Ke4 Rb4+ 53. Kd5 Rb1 54. f4 Rd1+ 55. Kc4 Rc1+ 56. Kd3 Rb1 57. f5 Rd1+ 58. Kc2
1-0